| 000 | 00564nam a22001937a 4500 | ||
|---|---|---|---|
| 008 | 151103b xxu||||| |||| 00| 0 eng d | ||
| 020 | _a9780495913092 | ||
| 020 | _a049591309X | ||
| 041 | 0 | _aeng | |
| 080 | _a321.7 | ||
| 245 | 1 | 0 |
_aThe challenge of democracy: _cKenneth Janda; Jeffrey M. Berry; Jerry Goldman; |
| 250 | _a11th. ed. | ||
| 260 |
_aUSA: _bWadsworth, Cengage Learning; _c2012. |
||
| 300 |
_a697 f.: _bme il.; _c23 cm. |
||
| 650 | 0 | _aDemokracia | |
| 650 | 0 | _aQeveria | |
| 650 | 0 | _aPolitika | |
| 942 |
_2udc _cBK |
||
| 999 |
_c1352 _d1352 |
||